Statistieken voor Grootste landen naar populatie quiz

Klik hier om de quiz te nemen!

Algemene statistieken

  • Deze quiz is 70 keer genomen
  • De gemiddelde score is 19 van 24

Antwoordstatistieken

PopulatieLand% Correct
1 449,3 miljoenChina
100%
331,0 miljoenVerenigde Staten
100%
1 380,0 miljoenIndia
98%
212,5 miljoenBrazilië
96%
83,7 miljoenDuitsland
94%
145,9 miljoenRusland
94%
65,2 miljoenFrankrijk
92%
273,5 miljoenIndonesië
88%
126,4 miljoenJapan
88%
128,9 miljoenMexico
85%
60,4 miljoenItalië
81%
67, 8 miljoenVerenigd Koninkrijk
79%
83,7 miljoenIran
73%
102,3 miljoenEgypte
71%
206,1 miljoenNigeria
71%
220, 8 miljoenPakistan
71%
84,3 miljoenTurkije
69%
164,6 miljoenBangladesh
65%
97,3 miljoenVietnam
65%
89,5 miljoenDemocratische Republiek Congo
63%
69,7 miljoenThailand
60%
109,5 miljoenFilipijnen
54%
114,9 miljoenEthiopië
50%
59,7 miljoenTanzania
46%

Scoreverdeling

Percentiel versus Aantal Correcte Antwoorden

Procent van Mensen met Elke Score

Uw Scoregeschiedenis

U heeft deze quiz nog niet genomen